Responses for Show #8362 - Tuesday, March 23, 2021

Champion's winnings & consolation amounts matched to HealthCorps.

Contestants

[<< previous game]

Amal Dorai, a product manager originally from Lexington, Massachusetts

Claire Nieman, a registered nurse from Seattle, Washington

Kathryn Peters, a research center executive director from Carrboro, North Carolina (whose 1-day cash winnings total $20,001)

[next game >>]

Jeopardy! Round responses

BRAND MASCOTS
NURSES
SPACE-Y SAYINGS
CHRISTIAN GLOSSARY
HAVE A DRINK AT...
THE PRANCING PONY
    $200 3
the Green Giant

Amal
    $200 15
Florence Nightingale

Amal
    $200 11
Venus

Amal
    $200 1
a song

Amal
    $200 13
Napoleon

Kathryn
    $200 24
Beyoncé

Kathryn
    $400 4
[NOTE: That is how Amal said his correct response.]

Captain Crunch

Amal
    $400 17
tuberculosis

Claire
    $400 12
hung the moon

Kathryn
    $400 2
(Kathryn: What is a church?)
(Amal: What is a hat?)
(Claire: What is a miter?)

chair (throne)

KathrynClaireAmal
Triple Stumper
    $400 14
Old King Cole

Claire
    $400 25
BoJack Horseman

Claire
    $600 5
Pringles

Kathryn
    $600 18
(Claire: What is leprosy?)

mental illness

Claire
Triple Stumper
    $600 16
(Kathryn: Your arrow?)
(Mehmet: No.)
(Kathryn: What is is your arrow?)

following the North Star

KathrynClaire
    $600 8
brotherly love

Claire
    $600 21
carpaccio

Amal
    $600 26
Pokémon

Claire
    $800 6
Poppin' Fresh

Amal
    $800 19
nurse-midwife

Claire
    $800 29
meteoric

Kathryn
    $800 9
(Amal: What is the Nicene Creed?)

the Apostles' Creed

ClaireAmal
    $800 22
Singapore

Amal
    $800 27
Friendship

Kathryn
    $1000 7
Vlasic

Kathryn
    $1000 20
(Amal: What is tetanus?)
...
(Mehmet: She actually warmed the limbs and used physical therapy.)

polio

ClaireAmal
    $1,000 30
failure to launch

Kathryn
    $1000 10
indulgences

Amal
    $1000 23
Oxford

Kathryn
    $1000 28
Bullseye

Claire

Scores at the first commercial break (after clue 15):

Kathryn Claire Amal
$1,800 $1,400 $1,800

Scores at the end of the Jeopardy! Round:

Kathryn Claire Amal
$5,000 $5,600 $2,200

Double Jeopardy! Round responses

NO. 1 LYRICS
BORDER TOWNS
CRASS WARFARE
BOOKS OF THE 1980s
SOLD AT AUCTION
"S"IX-LETTER WORDS
(Mehmet: These are words that have six letters, but they must start with an "S".)
    $400 1
(Kathryn: [*]--what is a [*]?)

a cowboy hat

Kathryn
    $400 15
Arizona

Amal
    $400 10
bluff

Kathryn
    $400 2
Babe

Claire
    $400 21
Jordans

Amal
    $400 3
stilts

Amal
    $800 26
"Hey Jude"

Amal
    $800 16
Quebec

Kathryn
    $800 11
The Falklands War

Amal
    $800 5
the Cave Bear

Kathryn
    $800 22
(Kathryn: Who is Picasso?)

Vincent van Gogh

Kathryn
Triple Stumper
    $800 4
shroud

Kathryn
    $1200 27
"Memories"

Claire
    $1200 18
the Gobi Desert

Amal
    $1200 12
Hannibal

Amal
    $1200 6
HAL

Claire
    $1200 23
Clapton

Amal
    $1200 7
sachet/sashay

Claire
    $1600 28
(Claire: What is "Hotline Bling"?)
...
[The end-of-round signal sounds.]

"God's Plan"

Claire
Triple Stumper
    $2,800 19
International Falls

Amal
    $3,000 13
tanks

Amal
    $1600 17
Bachman

Amal
    $1600 24
(Mehmet: He was storing it until they had a museum that could save it.)
...
(Mehmet: [To Amal after he picked the next clue] You have under a minute left.)

Perot

Amal
    $1600 8
(Mehmet: They are beautiful.)

saluki

Triple Stumper
    $2000 20
(Claire: What is the Czech Republic?)

Poland

Claire
Triple Stumper
    $2000 14
the Egyptian army

Amal
    $2000 25
Lord Snowdon

Triple Stumper
    $2000 9
(Kathryn: What is slalom?)

schuss

Kathryn
Triple Stumper

Scores at the end of the Double Jeopardy! Round:

Kathryn Claire Amal
$5,400 $6,000 $19,600
(lock game)

[wagering suggestions for these scores]

Final Jeopardy! Round responses

THE OLYMPICS
(Mehmet: [To Kathryn] I was looking for the time between their two Olympic competitions.)
(Kathryn: Oh, all right.)
...
(Mehmet: [*] years between Los Angeles's first Olympics in 1932 and their second one in 1984. There's another one in 2028, by the way.)
KathrynWhat is Los Angeles?
$4,270
ClaireWhat is 64 years?
$5,999
AmalWhat is 28
$5,000
52

Final scores:

Kathryn Claire Amal
$1,130 $1 $14,600
2nd place: $2,000 3rd place: $1,000 New champion: $14,600

Game dynamics:

Coryat scores:

Kathryn Claire Amal
$5,400 $6,000 $17,000
14 R
(including 1 DD),
4 W
14 R,
4 W
22 R
(including 2 DDs),
3 W

Combined Coryat: $28,400

[game clues] [game scores] [suggest correction]

Game tape date: 2021-02-01
The J! Archive is created by fans, for fans. Scraping, republication, monetization, and malicious use prohibited; this site may use cookies and collect identifying information. See terms. The Jeopardy! game show and all elements thereof, including but not limited to copyright and trademark thereto, are the property of Jeopardy Productions, Inc. and are protected under law. This website is not affiliated with, sponsored by, or operated by Jeopardy Productions, Inc. Join the discussion at JBoard.tv.